Quiz O Serii Gier FIFA - Statystyki

Ogólne statystyki
  • Ten quiz został rozwiązany 121 razy
  • Średni wynik to 4 z 8
Statystyki odpowiedzi
Pytanie Odpowiedź % Poprawnych
W której Fifie zostały dodane WBS 17
89%
Pod jaką nazwą gra Juventus od FIFIE 20 Piemonte Calcio
83%
W której Fifie na androidzie pojawiły się karty +100 Overrall 16
80%
Jak się nazywa dodany do FIFY 20 tryb który EA Sports może zaliczyć do wtop VOLTA
64%
Jak Miała na nazwisko legenda która od FIFY 15 do FIFY 17 miała łatkę najgorszej Valderrama
37%
Który z piłkarzy Juventusu pojawił się na okładce FIFY 04 Del Piero
34%
Jedyny zawodnik który w podstawowej wersji swojej karty dostał się do "Gangu Gullita" czyli wszystkie ze statystyk na karcie są ocenione na minimum 80 oceny Goretzka
31%
Do jakiego klubu Alex Hunter przeszedł,kiedy został w pewien sposób oszukany przez swojego agenta który miał załatwić transfer do Realu Madryt Los Angeles Galaxy
13%
Nie znaleziono quizów pasujących do podanych kryteriów
Rozkład punktacji
Procent ludzi z każdym wynikiem
Percentyl według liczby udzielonych odpowiedzi
Twoja historia wyników
Nie rozwiązałeś tego quizu